Voňavé léčivé pohádky /
Uloženo v:
| Hlavní autor: | |
|---|---|
| Další autoři: | , , |
| Médium: | E-audiokniha |
| Jazyk: | Czech |
| Vydáno: |
Praha :
Voxi,
2025
|
| Témata: | |
| Tagy: |
Žádné tagy |
| LEADER | 03176nim a2200781 i 4500 | ||
|---|---|---|---|
| 001 | 313401 | ||
| 003 | CZ PrSKC | ||
| 005 | 20260601215741.0 | ||
| 007 | sd fungnnmmned | ||
| 008 | 250403s2025 xr nnnng f n cze | ||
| 015 | |a cnb003680655 | ||
| 020 | |a 9788074483172 : |c Kč 329,00 | ||
| 040 | |a ABA001 |b cze |e rda | ||
| 072 | 7 | |a 821.162.3-3 |x Česká próza |2 Konspekt | |
| 072 | 7 | |a 821-93 |x Literatura pro děti a mládež (beletrie) |2 Konspekt | |
| 080 | |a 821.162.3-32 |2 MRF | ||
| 080 | |a 633.88 |2 MRF | ||
| 080 | |a (0:82-32) |2 MRF | ||
| 080 | |a (086.7.053.2) |2 MRF | ||
| 080 | |a (086.7)08 |2 MRF | ||
| 080 | |a (086.76) |2 MRF | ||
| 100 | 1 | |a Zrubecká, Adéla |7 xx0070749 |4 aut | |
| 245 | 1 | 0 | |a Voňavé léčivé pohádky / |c Adéla Zrubecká |
| 264 | 1 | |a Praha : |b Voxi, |c 2025 | |
| 300 | |a 1 audiodisk (2 hod., 30 min.) ; |c 12 cm | ||
| 306 | |a 023000 | ||
| 336 | |a mluvené slovo |b spw |2 rdacontent | ||
| 337 | |a audio |b s |2 rdamedia | ||
| 338 | |a audiodisk |b sd |2 rdacarrier | ||
| 344 | |a digital |b optical |2 rda | ||
| 347 | |a audio soubor |b MP3 |2 rda | ||
| 500 | |a Název z disku | ||
| 500 | |a Vydalo nakladatelství Voxi ve společnosti Albatros Media a.s. | ||
| 500 | |a Podle stejnojmenné knihy vydané nakladatelstvím CPress v roce 2023 | ||
| 500 | |a Nezkrácená audiokniha ve formátu MP3 | ||
| 508 | |a Režie, Jan Drbohlav | ||
| 511 | 0 | |a Čtou Martina Hudečková, Libor Hruška | |
| 650 | 0 | 7 | |a léčivé rostliny |7 ph115198 |2 czenas |
| 650 | 0 | 9 | |a medicinal plants |2 eczenas |
| 655 | 7 | |a české příběhy |7 fd133973 |2 czenas | |
| 655 | 7 | |a zvukové záznamy pro děti a mládež |7 fd186726 |2 czenas | |
| 655 | 7 | |a audioknihy |7 fd119452 |2 czenas | |
| 655 | 7 | |a kompaktní disky |7 fd201991 |2 czenas | |
| 655 | 9 | |a Czech stories |2 eczenas | |
| 655 | 9 | |a juvenile sound recordings |2 eczenas | |
| 655 | 9 | |a audiobooks |2 eczenas | |
| 655 | 9 | |a compact discs |2 eczenas | |
| 700 | 1 | |a Hudečková, Martina, |d 1964- |7 xx0063286 |4 nrt | |
| 700 | 1 | |a Hruška, Libor, |d 1965- |7 xx0224470 |4 nrt | |
| 700 | 1 | |a Drbohlav, Jan, |d 1968- |7 xx0057821 |4 drt | |
| 900 | |a ABA001 |b 19 | ||
| 928 | 9 | |a Albatros Media | |
| 044 | |a xr | ||
| 505 | 0 | 0 | |t 01_O drakovi z materidousky (14 min., 25 sek.) |
| 505 | 0 | 0 | |t 02_O levandulove pastelce (12 min., 11 sek.) |
| 505 | 0 | 0 | |t 03_O kouzelnem citronku (14 min., 6 sek.) |
| 505 | 0 | 0 | |t 04_O mate na kosteti (11 min., 17 sek.) |
| 505 | 0 | 0 | |t 05_O sipkove Palmoruzence (13 min., 22 sek.) |
| 505 | 0 | 0 | |t 06_O Eukalyptovem pokladu (11 min., 39 sek.) |
| 505 | 0 | 0 | |t 07_O princezne na hermanku (13 min., 46 sek.) |
| 505 | 0 | 0 | |t 08_O statecnem Tytricku (11 min., 58 sek.) |
| 505 | 0 | 0 | |t 09_O male carodejnici Salvejce (12 min., 15 sek.) |
| 505 | 0 | 0 | |t 10_O borovicove chaloupce (11 min., 19 sek.) |
| 505 | 0 | 0 | |t 11_O hvezde mandarince (11 min., 6 sek.) |
| 505 | 0 | 0 | |t 12_O dvanacti vunich (13 min., 18 sek.) |
| 910 | |a RBIT002 | ||
| 998 | |d 417699 |a https://core.palmknihy.cz/api/books/417699/cover?ssqv3r |b https://core.palmknihy.cz/api/books/417699/cover/400?ssqv3r |c https://core.palmknihy.cz/api/books/417699/cover/50?ssqv3r |e 2033-12-31 |i 9788074483172 |l 9000 |q 49 |r 1 |s https://www.palmknihy.cz/kniha/417699 |t audiobook |y 2025 |z 0 | ||
| 999 | |d 313399 | ||